000 02378cam a2200169 4500500
005 20251228052219.0
041 _afre
042 _adc
100 1 0 _aCarpentier, Yan
_eauthor
245 0 0 _aRéponse à celui qui s'interrogeait sur « le bracelet électronique : “boulet moderne” ou “outil de réinsertion” ? »
260 _c2019.
500 _a82
520 _aLa prévention de la commission d'une infraction justifie, pour les dirigeants politiques, que l'on puisse recourir à des mécanismes de surveillance ou de probation. L'outil de surveillance que l'on peut observer tout au long de la procédure pénale est le bracelet électronique. Or, on peut relever que d'un point de vue juridique, le bracelet électronique revêt différentes formes de plus en plus variées. La multiplication des formes de bracelet électronique est venue altérer l'analyse originelle de cette technique. La finalité d'insertion ou de réinsertion du placement sous surveillance électronique semble délaissée. Dès lors, cette étude croise les diverses formes de bracelet électronique et tente de démontrer l'affaiblissement de la finalité de réinsertion au profit de nouveaux impératifs pénaux comme la lutte contre la surpopulation carcérale et la surveillance de personnes jugées dangereuses.
520 _aAccording to political leaders, crime prevention justifies the use of monitoring or probation mechanisms. The former is used all along the criminal proceedings and takes the form of an electronic bracelet. From a legal perspective, the electronic bracelet can take several shapes, that are more and more varied. However, this kind of diversity impairs the mechanism's original analysis. Indeed, the purpose of integration and rehabilitation seems to be neglected. Therefore, the present study focuses on all the different forms of electronic bracelet and aims at showing the weakening of the purpose of integration and rehabilitation in favor of the new criminal justice priorities, such as the fight against prison overcrowding and the surveillance of people considered to be dangerous.
786 0 _nRevue de science criminelle et de droit pénal comparé | 3 | 3 | 2019-12-06 | p. 585-598 | 0035-1733
856 4 1 _uhttps://droit.cairn.info/revue-de-science-criminelle-et-de-droit-penal-compare-2019-3-page-585?lang=fr&redirect-ssocas=7080
999 _c1583047
_d1583047